[Event "Cheliabinsk Panchenko Memorial op-B"]
[Site "Cheliabinsk"]
[Date "2022.09.12"]
[Round "1"]
[White "Musaeva, Shakhnazi"]
[Black "Petrukhina, Olga"]
[Result "0-1"]
[WhiteElo "1599"]
[BlackElo "2030"]
[PlyCount "50"]
[EventDate "2022.09.12"]
[EventType "swiss"]
[EventRounds "10"]
[EventCountry "RUS"]
[SourceTitle "CBM 210 Extra"]
[Source "ChessBase"]
[SourceDate "2022.11.30"]
[SourceVersion "1"]
[SourceVersionDate "2022.11.30"]
[SourceQuality "1"]

1. e4 c6 2. d4 d5 3. e5 Bf5 4. Nf3 e6 5. Bd3 Bxd3 6. Qxd3 Qa5+ 7. c3 Qa6 8. Qxa6 Nxa6 9. 0-0 c5 10. Be3 Rc8 11. Nbd2 Ne7 12. Rac1 Nf5 13. Nb3 Be7 14. Rce1 h5 15. Bg5 Bxg5 16. Nxg5 cxd4 17. cxd4 Nb4 18. Rc1 0-0 19. Rfd1 Rc4 20. Na5 Rxc1 21. Rxc1 Nxd4 22. Rc7 b6 23. Nb7 Nd3 24. Nd6 Nxe5 25. f4 Ne2+ 0-1

[Event "Asia-ch Universities (Women)"]
[Site "Chess.com INT"]
[Date "2020.12.17"]
[Round "7"]
[White "Musaeva, Shakhnazi"]
[Black "Zairbek Kyzy, Begimay"]
[Result "1/2-1/2"]
[WhiteElo "1543"]
[BlackElo "1675"]
[PlyCount "22"]
[EventDate "2020.12.15"]
[EventType "swiss"]
[EventRounds "9"]
[EventCountry "IRI"]
[SourceTitle "EXT 2022"]
[Source "ChessBase"]
[SourceDate "2021.10.06"]
[SourceVersion "1"]
[SourceVersionDate "2021.10.06"]
[SourceQuality "1"]

1. e4 c6 2. Nf3 d5 3. Nc3 Bg4 4. h3 Bxf3 5. Qxf3 e6 6. Be2 Nd7 7. d4 Ngf6 8. exd5 cxd5 9. 0-0 Be7 10. Bf4 a6 11. Rfe1 0-0 1/2-1/2

[Event "Bishkek Smart Cup 4th"]
[Site "Bishkek"]
[Date "2019.??.??"]
[Round "9"]
[White "Zholdoshmamatov, Adilet"]
[Black "Musaeva, Shakhnazi"]
[Result "1-0"]
[WhiteElo "1621"]
[BlackElo "1598"]
[PlyCount "23"]
[EventDate "2019.02.01"]
[EventType "swiss"]
[EventRounds "9"]
[EventCountry "KGZ"]
[SourceTitle "EXT 2021"]
[Source "ChessBase"]
[SourceDate "2020.10.23"]
[SourceVersion "1"]
[SourceVersionDate "2020.10.23"]
[SourceQuality "1"]

1. e4 c5 2. Nc3 d6 3. f4 Nc6 4. Nf3 g6 5. Bc4 Bg7 6. 0-0 e6 7. d3 Nge7 8. Qe1 0-0 9. f5 exf5 10. Qh4 Ne5 11. Bg5 Re8 12. Nxe5 1-0

[Event "KGZ-ch (Women)"]
[Site "Bishkek"]
[Date "2017.03.12"]
[Round "2"]
[White "Mirlankyzy, Azaliia"]
[Black "Musaeva, Shakhnazi"]
[Result "1-0"]
[WhiteElo "1398"]
[BlackElo "1691"]
[PlyCount "47"]
[EventDate "2017.03.11"]
[EventType "swiss"]
[EventRounds "9"]
[EventCountry "KGZ"]
[SourceTitle "EXT 2018"]
[Source "ChessBase"]
[SourceDate "2017.10.13"]
[SourceVersion "1"]
[SourceVersionDate "2017.10.13"]
[SourceQuality "1"]

1. e4 c5 2. Nf3 d6 3. d4 cxd4 4. Nxd4 Nf6 5. Nc3 a6 6. f3 Nc6 7. Be3 e5 8. Nde2 Be6 9. Qd2 Be7 10. g4 h6 11. Ng3 Na5 12. Nf5 Bxf5 13. gxf5 b5 14. Rg1 Rg8 15. Nd5 Nxd5 16. Qxd5 Bh4+ 17. Kd1 Ke7 18. b4 Qc7 19. bxa5 Qc3 20. f6+ gxf6 21. Qb7+ Ke6 22. Bh3+ f5 23. Qd5+ Ke7 24. Ke2 1-0

[Event "Olympiad Women-42"]
[Site "Baku"]
[Date "2016.09.12"]
[Round "10.4"]
[White "Musaeva, Shakhnazi"]
[Black "Bosch Garcia, Jacqueline"]
[Result "1/2-1/2"]
[WhiteElo "1611"]
[BlackElo "2011"]
[PlyCount "79"]
[EventDate "2016.09.02"]
[EventType "team-swiss"]
[EventRounds "11"]
[EventCountry "AZE"]
[SourceTitle "CBM 174 Extra"]
[Source "ChessBase"]
[SourceDate "2016.10.10"]
[SourceVersion "1"]
[SourceVersionDate "2016.10.10"]
[SourceQuality "1"]
[WhiteTeam "Kyrgyzstan (W)"]
[BlackTeam "Ecuador (W)"]
[WhiteTeamCountry "KGZ"]
[BlackTeamCountry "ECU"]

1. e4 e5 2. Nc3 Nf6 3. Bc4 Nc6 4. d3 Bc5 5. f4 d6 6. Nf3 0-0 7. Na4 Bb6 8. Nxb6 axb6 9. 0-0 h6 10. c3 Re8 11. Be3 d5 12. exd5 Nxd5 13. Bxd5 Qxd5 14. b3 Bg4 15. Qd2 Rad8 16. Ne1 Re7 17. fxe5 Nxe5 18. d4 Ng6 19. Nd3 Rde8 20. Rae1 Qh5 21. Qf2 Qa5 22. Qd2 Ra8 23. Rf2 Rae8 24. Rff1 Qh5 25. Qf2 Qa5 26. Qd2 Qb5 27. h3 Bd7 28. Re2 Qh5 29. Ree1 Bc6 30. c4 Re4 31. Qf2 R4e7 32. Qd2 Re4 33. Qf2 R4e7 34. Qd2 Bd7 35. Qf2 b5 36. Nc5 bxc4 37. bxc4 b6 38. Nxd7 Rxd7 39. Bf4 Red8 40. d5 1/2-1/2

[Event "Olympiad Women-42"]
[Site "Baku"]
[Date "2016.09.10"]
[Round "8.4"]
[White "Saumy, Zainab"]
[Black "Musaeva, Shakhnazi"]
[Result "0-1"]
[WhiteElo "1688"]
[BlackElo "1611"]
[PlyCount "58"]
[EventDate "2016.09.02"]
[EventType "team-swiss"]
[EventRounds "11"]
[EventCountry "AZE"]
[SourceTitle "CBM 174 Extra"]
[Source "ChessBase"]
[SourceDate "2016.10.10"]
[SourceVersion "1"]
[SourceVersionDate "2016.10.10"]
[SourceQuality "1"]
[WhiteTeam "Sri Lanka (W)"]
[BlackTeam "Kyrgyzstan (W)"]
[WhiteTeamCountry "SRI"]
[BlackTeamCountry "KGZ"]

1. e4 c5 2. Nf3 d6 3. d4 cxd4 4. Nxd4 Nf6 5. Nc3 a6 6. Bc4 e6 7. Bb3 b5 8. 0-0 Nbd7 9. Re1 Nc5 10. Bg5 Bb7 11. a3 Be7 12. Qf3 0-0 13. Ba2 Qb6 14. Rad1 Kh8 15. b4 Ncd7 16. Qg3 Rac8 17. Nde2 Bxe4 18. Nd4 Bg6 19. Kh1 Nh5 20. Qh4 Bxg5 21. Qxg5 Rxc3 22. Qd2 Rfc8 23. Bb3 Nhf6 24. Nxe6 fxe6 25. Rxe6 Ne4 26. Rxe4 Bxe4 27. Re1 Nf6 28. Be6 Rxc2 29. Qg5 Qxf2 0-1

[Event "Olympiad Women-42"]
[Site "Baku"]
[Date "2016.09.05"]
[Round "4.39"]
[White "Musaeva, Shakhnazi"]
[Black "Kerciku, Suzana"]
[Result "1/2-1/2"]
[WhiteElo "1611"]
[BlackElo "1609"]
[PlyCount "78"]
[EventDate "2016.09.02"]
[EventType "team-swiss"]
[EventRounds "11"]
[EventCountry "AZE"]
[SourceTitle "CBM 174 Extra"]
[Source "ChessBase"]
[SourceDate "2016.10.10"]
[SourceVersion "1"]
[SourceVersionDate "2016.10.10"]
[SourceQuality "1"]
[WhiteTeam "Kyrgyzstan (W)"]
[BlackTeam "Albania (W)"]
[WhiteTeamCountry "KGZ"]
[BlackTeamCountry "ALB"]

1. e4 c5 2. Nf3 e6 3. d4 cxd4 4. Nxd4 a6 5. Nc3 Nc6 6. Be3 Nge7 7. Be2 Nxd4 8. Bxd4 Nc6 9. Be3 b5 10. a3 Bb7 11. 0-0 Rc8 12. Qd2 Be7 13. Rad1 d6 14. Bf4 Ne5 15. Bg3 0-0 16. Qe3 Qc7 17. Kh1 Rfd8 18. f4 Nc4 19. Bxc4 Qxc4 20. Rd3 b4 21. b3 Qc5 22. axb4 Qxb4 23. Ra1 Bf6 24. Ra4 Qc5 25. Be1 Qxe3 26. Rxe3 Rc5 27. Ra2 Rdc8 28. Na4 Rxc2 29. Rxc2 Rxc2 30. h3 d5 31. e5 d4 32. Rd3 Rxg2 33. Nc5 Bd5 34. exf6 Rg3+ 35. Kh2 Rg2+ 36. Kh1 Rg3+ 37. Kh2 Rg2+ 38. Kh1 Rg3+ 39. Kh2 Rg2+ 1/2-1/2

[Event "KGZ-ch (Women)"]
[Site "Bishkek"]
[Date "2016.04.28"]
[Round "3"]
[White "Lee, Dariya"]
[Black "Musaeva, Shakhnazi"]
[Result "0-1"]
[WhiteElo "1423"]
[BlackElo "1612"]
[PlyCount "54"]
[EventDate "2016.04.26"]
[EventType "tourn"]
[EventRounds "9"]
[EventCountry "KGZ"]
[SourceTitle "CBM 172 Extra"]
[Source "ChessBase"]
[SourceDate "2016.06.21"]
[SourceVersion "1"]
[SourceVersionDate "2016.06.21"]
[SourceQuality "1"]

1. c4 e6 2. Nc3 c5 3. g3 g6 4. Bg2 Bg7 5. Nf3 Ne7 6. 0-0 0-0 7. d4 cxd4 8. Nxd4 a6 9. Qd3 Nbc6 10. Nxc6 bxc6 11. Be3 d5 12. cxd5 cxd5 13. Rfd1 Rb8 14. Rab1 Nc6 15. Qd2 Bd7 16. Bh6 Qa5 17. Bxg7 Kxg7 18. b3 Rfc8 19. Rbc1 Be8 20. Qb2 f6 21. Bh3 Bf7 22. e3 Ne5 23. Na4 Qb4 24. Rxc8 Rxc8 25. Rxd5 Qe1+ 26. Kg2 Rc1 27. Bxe6 Qf1# 0-1

[Event "Asia-ch U16 Girls"]
[Site "Ulaanbaatar"]
[Date "2016.04.07"]
[Round "2"]
[White "Bulganchimeg, Narangerel"]
[Black "Musaeva, Shakhnazi"]
[Result "1-0"]
[WhiteElo "1607"]
[BlackElo "1612"]
[PlyCount "55"]
[EventDate "2016.04.06"]
[EventType "swiss"]
[EventRounds "9"]
[EventCountry "MGL"]
[SourceTitle "EXT 2017"]
[Source "ChessBase"]
[SourceDate "2016.10.25"]
[SourceVersion "1"]
[SourceVersionDate "2016.10.25"]
[SourceQuality "1"]

1. d4 Nf6 2. Nf3 e6 3. c4 b6 4. Nc3 Bb7 5. e3 d5 6. Bd3 Be7 7. 0-0 0-0 8. Qc2 c5 9. a3 Nc6 10. Ne2 Rc8 11. dxc5 bxc5 12. cxd5 exd5 13. Bd2 g6 14. Bb5 Qb6 15. Bxc6 Bxc6 16. Rfd1 Rb8 17. Ne5 Rfc8 18. Nxc6 Rxc6 19. Bc3 Rd8 20. Rac1 Rcc8 21. Qa4 Rd6 22. Nf4 Qb7 23. Be5 Rd7 24. Rc2 h5 25. Rcd2 Rdd8 26. Qc2 Ng4 27. Nxg6 Qc6 28. Nxe7+ 1-0

[Event "Asia-ch U20 Girls"]
[Site "Bishkek"]
[Date "2015.10.11"]
[Round "9"]
[White "Musaeva, Shakhnazi"]
[Black "Ivana Maria, Furtado"]
[Result "0-1"]
[WhiteElo "1581"]
[BlackElo "2259"]
[PlyCount "62"]
[EventDate "2015.10.03"]
[EventType "swiss"]
[EventRounds "9"]
[EventCountry "KGZ"]
[SourceTitle "CBM 168 Extra"]
[Source "ChessBase"]
[SourceDate "2015.10.29"]
[SourceVersion "1"]
[SourceVersionDate "2015.10.29"]
[SourceQuality "1"]

1. e4 e6 2. d4 d5 3. Nc3 Nf6 4. e5 Nfd7 5. Be3 c5 6. f4 Nc6 7. Nf3 cxd4 8. Bxd4 Nxd4 9. Nxd4 Be7 10. Be2 Qb6 11. Nb3 f6 12. exf6 Bxf6 13. Qd2 0-0 14. 0-0-0 Nc5 15. Nxc5 Qxc5 16. g4 Bxc3 17. bxc3 Bd7 18. Rhg1 Rac8 19. Rg3 Rc6 20. Kb1 Rb6+ 21. Ka1 Bb5 22. f5 exf5 23. Bf3 Bc4 24. Bxd5+ Bxd5 25. Qxd5+ Qxd5 26. Rxd5 fxg4 27. Rgd3 Rf2 28. Rd2 Rf3 29. R2d3 h5 30. h4 Rf2 31. Rd2 g3 0-1

[Event "Asia-ch U20 Girls"]
[Site "Bishkek"]
[Date "2015.??.??"]
[Round "?"]
[White "Kim, Kristina"]
[Black "Musaeva, Shakhnazi"]
[Result "0-1"]
[WhiteElo "1708"]
[BlackElo "1581"]
[PlyCount "85"]
[EventDate "2015.10.03"]
[EventType "swiss"]
[EventRounds "9"]
[EventCountry "KGZ"]
[SourceTitle "EXT 2022"]
[Source "ChessBase"]
[SourceDate "2021.10.06"]
[SourceVersion "1"]
[SourceVersionDate "2021.10.06"]
[SourceQuality "1"]

1. d4 Nf6 2. Nf3 e6 3. Bf4 c5 4. e3 Nc6 5. c3 d5 6. Nbd2 Bd6 7. Ne5 Qc7 8. Bb5 Bd7 9. Nxd7 Qxd7 10. Bg3 0-0 11. Nf3 a6 12. Ne5 Qc7 13. Bxc6 bxc6 14. Ng4 Nxg4 15. Qxg4 cxd4 16. exd4 e5 17. dxe5 Bxe5 18. 0-0 Bxg3 19. fxg3 Rae8 20. Rf2 Re4 21. Qf5 Qe5 22. Qxe5 Rxe5 23. Raf1 f6 24. h3 Rfe8 25. g4 Re2 26. Rxe2 Rxe2 27. Rf2 Rxf2 28. Kxf2 Kf7 29. Ke3 Ke6 30. Kd4 Kd6 31. b4 g6 32. a4 h6 33. g3 g5 34. h4 gxh4 35. gxh4 Ke6 36. Kc5 h5 37. gxh5 f5 38. h6 f4 39. Kd4 Kf6 40. Kd3 Kg6 41. Ke2 Kxh6 42. Kf3 Kh5 43. Kxf4 0-1